| 000 | 00874nam0a22002531 4500 | ||
|---|---|---|---|
| 001 | RU\INFOCOMM_429\NLR\5000011826 | ||
| 005 | 20250614081243.0 | ||
| 035 | _a(NLR Aleph) 010634979 | ||
| 090 |
_a10649091 _c10649091 |
||
| 100 | _a20130331d1977 |||y0rusy50 ca | ||
| 101 | 1 |
_ager _crus |
|
| 102 | _aRU | ||
| 105 | _ay z|||| | ||
| 200 | 1 |
_aDer Schlangen-Knabe _eGeorgische Volksmärchen _e[Für die reifere Jugend _fAus dem Russ. von Vera Nowak _gAusstattung: Gulla Kaladse] |
|
| 210 |
_aM. _c"Progress" _dCop.1977 |
||
| 215 |
_a232 с. _cил. _d22 см |
||
| 300 | _aНа обороте тит. л.: Юноша-змей. Грузинские народные сказки | ||
| 620 | _aМосква | ||
| 686 |
_aДл450-1700 _2rubbk |
||
| 801 | 1 |
_aRU _bInfocomm _c20130331 |
|
| 801 | 0 |
_aRU _bINFOCOMM _gPSBO |
|
| 852 |
_aNLR _jДл01 Д-5/129 |
||
| 942 | _cBOOK | ||
| 980 | _aNB | ||